<?xml version="1.0" encoding="UTF-8"?>
<record
    xmlns:xsi="http://www.w3.org/2001/XMLSchema-instance"
    xsi:schemaLocation="http://www.loc.gov/MARC21/slim http://www.loc.gov/standards/marcxml/schema/MARC21slim.xsd"
    xmlns="http://www.loc.gov/MARC21/slim">

  <leader>02685njm a2200457Ia 4500</leader>
  <controlfield tag="001">24145</controlfield>
  <controlfield tag="003">IT-RoPAU</controlfield>
  <controlfield tag="005">20220918181130.0</controlfield>
  <controlfield tag="008">131025s9999    xx            000 0 und d</controlfield>
  <datafield tag="040" ind1=" " ind2=" ">
    <subfield code="a">IT-RoPAU</subfield>
  </datafield>
  <datafield tag="040" ind1=" " ind2=" ">
    <subfield code="c">IT-RoPAU</subfield>
  </datafield>
  <datafield tag="999" ind1=" " ind2=" ">
    <subfield code="c">100515</subfield>
    <subfield code="d">100515</subfield>
  </datafield>
  <datafield tag="999" ind1=" " ind2=" ">
    <subfield code="b">n.d.</subfield>
  </datafield>
  <datafield tag="100" ind1=" " ind2=" ">
    <subfield code="a">Glah&#xE9; Will</subfield>
    <subfield code="9">9134</subfield>
  </datafield>
  <datafield tag="100" ind1=" " ind2=" ">
    <subfield code="e">Autore musica</subfield>
    <subfield code="9">9135</subfield>
  </datafield>
  <datafield tag="100" ind1=" " ind2=" ">
    <subfield code="g">Codice autore musica SPICS: 8033</subfield>
    <subfield code="9">9136</subfield>
  </datafield>
  <datafield tag="245" ind1=" " ind2=" ">
    <subfield code="a">Polka King (The)</subfield>
  </datafield>
  <datafield tag="250" ind1=" " ind2=" ">
    <subfield code="a">1a ed.</subfield>
  </datafield>
  <datafield tag="260" ind1=" " ind2=" ">
    <subfield code="a">LONDON</subfield>
  </datafield>
  <datafield tag="260" ind1=" " ind2=" ">
    <subfield code="b">DECCA RECORD COMPANY</subfield>
    <subfield code="c">1975 [1a Ed.:1975 - Ed. Lingua Orig.: 1975]</subfield>
  </datafield>
  <datafield tag="300" ind1=" " ind2=" ">
    <subfield code="a">DISCO</subfield>
  </datafield>
  <datafield tag="500" ind1=" " ind2=" ">
    <subfield code="a">Musica strumentale. Musica da ballo.</subfield>
  </datafield>
  <datafield tag="505" ind1=" " ind2=" ">
    <subfield code="a">Kinderfest-Polka - Wettspiele - Juxpolka - Newspaper Boy - Souvenir De Suisse - Beer Barrel Polka (Rosamunde) - Ambross-Polka - O, Susanna - Tanzende Finger - Krakowiak - Klarinetten Polka - Standchen (Serenade) - The Mill in the Black Forest - Am Abend Auf Der Heide</subfield>
  </datafield>
  <datafield tag="650" ind1=" " ind2=" ">
    <subfield code="a">BALLO [DISCHI]</subfield>
    <subfield code="e">Codice MATERIA SPICS: 9950</subfield>
    <subfield code="9">6536</subfield>
  </datafield>
  <datafield tag="700" ind1=" " ind2=" ">
    <subfield code="a">Glah&#xE9; Will</subfield>
    <subfield code="g">Codice interprete SPICS: 8033</subfield>
    <subfield code="e">Interprete</subfield>
    <subfield code="9">9137</subfield>
  </datafield>
  <datafield tag="700" ind1=" " ind2=" ">
    <subfield code="a">Brown</subfield>
    <subfield code="g">Codice autore musica SPICS: 20445</subfield>
    <subfield code="e">Autore musica</subfield>
    <subfield code="p">Beer Barrel Polka (Rosamunde)</subfield>
    <subfield code="9">9138</subfield>
  </datafield>
  <datafield tag="700" ind1=" " ind2=" ">
    <subfield code="a">Vejvoda Jaromir</subfield>
    <subfield code="g">Codice autore SPICS: 13982</subfield>
    <subfield code="e">Autore</subfield>
    <subfield code="p">Beer Barrel Polka (Rosamunde)</subfield>
    <subfield code="9">9139</subfield>
  </datafield>
  <datafield tag="700" ind1=" " ind2=" ">
    <subfield code="a">Timm</subfield>
    <subfield code="g">Codice autore testo/musica SPICS: 26071</subfield>
    <subfield code="e">Autore testo/musica</subfield>
    <subfield code="p">Beer Barrel Polka (Rosamunde)</subfield>
    <subfield code="9">9140</subfield>
  </datafield>
  <datafield tag="700" ind1=" " ind2=" ">
    <subfield code="a">Parlow</subfield>
    <subfield code="g">Codice autore musica SPICS: 27142</subfield>
    <subfield code="e">Autore musica</subfield>
    <subfield code="p">Ambross-Polka</subfield>
    <subfield code="9">9141</subfield>
  </datafield>
  <datafield tag="700" ind1=" " ind2=" ">
    <subfield code="a">Breuer Ianos</subfield>
    <subfield code="g">Codice autore SPICS: 23827</subfield>
    <subfield code="e">Autore</subfield>
    <subfield code="p">Ambross-Polka</subfield>
    <subfield code="9">9142</subfield>
  </datafield>
  <datafield tag="700" ind1=" " ind2=" ">
    <subfield code="a">Hinsch</subfield>
    <subfield code="g">Codice autore musica SPICS: 27143</subfield>
    <subfield code="e">Autore musica</subfield>
    <subfield code="p">O, Susanna</subfield>
    <subfield code="9">9143</subfield>
  </datafield>
  <datafield tag="700" ind1=" " ind2=" ">
    <subfield code="a">Glah&#xE9; Will</subfield>
    <subfield code="g">Codice autore SPICS: 8033</subfield>
    <subfield code="e">Autore</subfield>
    <subfield code="p">O, Susanna - Tanzende Finger - Krakowiak - Klarinetten Polka - Standchen (Serenade) - The Mill in the Black Forest</subfield>
    <subfield code="9">9144</subfield>
  </datafield>
  <datafield tag="700" ind1=" " ind2=" ">
    <subfield code="a">Gerlach</subfield>
    <subfield code="g">Codice autore musica SPICS: 13981</subfield>
    <subfield code="e">Autore musica</subfield>
    <subfield code="p">Tanzende Finger</subfield>
    <subfield code="9">9145</subfield>
  </datafield>
  <datafield tag="700" ind1=" " ind2=" ">
    <subfield code="a">AA.VV.</subfield>
    <subfield code="g">Codice autore musica SPICS: 12000</subfield>
    <subfield code="e">Autore musica</subfield>
    <subfield code="p">Krakowiak</subfield>
    <subfield code="9">9146</subfield>
  </datafield>
  <datafield tag="700" ind1=" " ind2=" ">
    <subfield code="a">Anonimo</subfield>
    <subfield code="g">Codice autore musica SPICS: 2620</subfield>
    <subfield code="e">Autore musica</subfield>
    <subfield code="p">Klarinetten Polka</subfield>
    <subfield code="9">9147</subfield>
  </datafield>
  <datafield tag="700" ind1=" " ind2=" ">
    <subfield code="a">Heykens J.</subfield>
    <subfield code="g">Codice autore musica SPICS: 13768</subfield>
    <subfield code="e">Autore musica</subfield>
    <subfield code="p">Standchen (Serenade)</subfield>
    <subfield code="9">9148</subfield>
  </datafield>
  <datafield tag="700" ind1=" " ind2=" ">
    <subfield code="a">Eilenberg</subfield>
    <subfield code="g">Codice autore musica SPICS: 14491</subfield>
    <subfield code="e">Autore musica</subfield>
    <subfield code="p">The Mill in the Black Forest</subfield>
    <subfield code="9">9149</subfield>
  </datafield>
  <datafield tag="700" ind1=" " ind2=" ">
    <subfield code="a">Di Lazzaro Eldo</subfield>
    <subfield code="g">Codice autore musica SPICS: 13500</subfield>
    <subfield code="e">Autore musica</subfield>
    <subfield code="p">Am Abend Auf Der Heide</subfield>
    <subfield code="9">9150</subfield>
  </datafield>
  <datafield tag="700" ind1=" " ind2=" ">
    <subfield code="a">Richter Frantisek Xaver</subfield>
    <subfield code="g">Codice autore SPICS: 14275</subfield>
    <subfield code="e">Autore</subfield>
    <subfield code="p">Am Abend Auf Der Heide</subfield>
    <subfield code="9">9151</subfield>
  </datafield>
  <datafield tag="700" ind1=" " ind2=" ">
    <subfield code="a">Reiter</subfield>
    <subfield code="g">Codice autore testo/musica SPICS: 18011</subfield>
    <subfield code="e">Autore testo/musica</subfield>
    <subfield code="p">Am Abend Auf Der Heide</subfield>
    <subfield code="9">9152</subfield>
  </datafield>
  <datafield tag="942" ind1=" " ind2=" ">
    <subfield code="c">MD</subfield>
    <subfield code="2">ddc</subfield>
  </datafield>
  <datafield tag="952" ind1=" " ind2=" ">
    <subfield code="0">0</subfield>
    <subfield code="1">0</subfield>
    <subfield code="4">0</subfield>
    <subfield code="6">24145_000000000000000</subfield>
    <subfield code="7">1</subfield>
    <subfield code="a">SPICS</subfield>
    <subfield code="b">SPICS</subfield>
    <subfield code="d">2013-10-25</subfield>
    <subfield code="l">0</subfield>
    <subfield code="o">24145</subfield>
    <subfield code="r">2013-10-25 00:00:00</subfield>
    <subfield code="w">2013-10-25</subfield>
    <subfield code="y">MD</subfield>
    <subfield code="z">Progr. Ins.: 4992 / N.Vol.: n.d. / Copie: 1 - Copia rara: n.d. / date import: 01.01.2014 - By Epidotti, Trombetti, Vaglietti</subfield>
  </datafield>
</record>
